Central Library OPAC University of Rajshahi

Bernard Shaw : (Record no. 20447)

MARC details
000 -LEADER
fixed length control field 00730nam a2200241 a 4500
001 - CONTROL NUMBER
control field 20447
003 - CONTROL NUMBER IDENTIFIER
rucl marc code BD-RjUL
005 - DATE AND TIME OF LATEST TRANSACTION
control field 20211209000551.0
008 - FIXED-LENGTH DATA ELEMENTS--GENERAL INFORMATION
fixed length control field 140301s1956 enka 001 0beng d
035 ## - SYSTEM CONTROL NUMBER
System control number 56-04915
-- (BD-RjUL)20509
System control number (OCoLC)299484
040 ## - CATALOGING SOURCE
Original cataloging agency DAY
Modifying agency m.c
-- BD-RjUL
Language of cataloging eng
Transcribing agency BD-RjUL
041 ## - LANGUAGE CODE
Language code of text/sound track or separate title eng
082 ## - DEWEY DECIMAL CLASSIFICATION NUMBER
Classification number 822.9
Author mark and year ERB 1956
100 1# - MAIN ENTRY--PERSONAL NAME
Personal name Ervine, St. John G.
Fuller form of name (St. John Greer),
Dates associated with a name 1883-1971.
9 (RLIN) 63051
245 10 - TITLE STATEMENT
Title Bernard Shaw :
Remainder of title his life, work and friends /
Statement of responsibility, etc. by St John Ervine
260 ## - PUBLICATION, DISTRIBUTION, ETC. (IMPRINT)
Place of publication, distribution, etc. London :
Name of publisher, distributor, etc. Constable,
Date of publication, distribution, etc. 1956
300 ## - PHYSICAL DESCRIPTION
Pagination xii, 628 p. :
Illustrations illus., ports ;
Size 24 cm
600 10 - SUBJECT ADDED ENTRY--PERSONAL NAME
Personal name Shaw, Bernard,
Dates associated with a name 1856-1950.
942 ## - ADDED ENTRY ELEMENTS (KOHA)
Source of classification or shelving scheme Dewey Decimal Classification
Koha item type Books
Holdings
Lost status Source of classification or shelving scheme Damaged status Not for loan Collection code Permanent Location Current Location Shelving location Date acquired Source of acquisition Cost, normal purchase price Total Checkouts Full call number Date last seen Copy number Koha item type
  Dewey Decimal Classification     Fiction Central Library, University of Rajshahi Central Library, University of Rajshahi   11/12/1962 Zeitlinger 50.00   822.9 ERB 1956 01/03/2014 C-2 Books